[Event "Eurasia Cup op"]
[Site "Ekaterinburg"]
[Date "2019.08.07"]
[Round "7"]
[White "Pankov, Daniil"]
[Black "Plyonkin, Alexey"]
[Result "1-0"]
[WhiteElo "1789"]
[BlackElo "1305"]
[PlyCount "71"]
[EventDate "2019.07.31"]
[EventType "swiss"]
[EventRounds "9"]
[EventCountry "RUS"]
[SourceTitle "CBM 191 Extra"]
[Source "ChessBase"]
[SourceDate "2019.09.30"]
[SourceVersion "1"]
[SourceVersionDate "2019.09.30"]
[SourceQuality "1"]

1. e4 c5 2. Nc3 Nc6 3. Bb5 g6 4. Bxc6 bxc6 5. d3 Bg7 6. f4 d5 7. Nge2 e6 8. 0-0 Ne7 9. Rb1 0-0 10. b3 Qa5 11. Bd2 Qa6 12. Na4 c4 13. Bb4 Re8 14. Kh1 cxd3 15. cxd3 Qb5 16. Qd2 Ba6 17. Nc5 dxe4 18. Nxa6 Qxa6 19. dxe4 Rad8 20. Qc2 Qb5 21. Bc5 Nc8 22. a4 Qa6 23. Rbd1 Nb6 24. Ng3 Nd7 25. h3 Nxc5 26. Qxc5 Qb6 27. Qc4 Rb8 28. Rf3 Rec8 29. f5 exf5 30. Rd7 Rf8 31. exf5 Rb7 32. Rd6 gxf5 33. Nxf5 Qa5 34. Nxg7 Kxg7 35. Rg3+ Kh8 36. Qd4+ 1-0